1930 1140 1372 1346 1190 1147 1390 1935 1835 1274 1098 1607 1232 1786 1768 1394 1019 1040 1751 1729 1325 1958 1289 1160 1546 1325 1698 1113 1860 1719 1296 1324 1649 1706 1751 1340 1311 1792 1189 1725 1386 1379 1983 1013 1391 1471 1846 1001 1160 1894 1142 1987 1531 1053 1730 1455 1828 1198 1326 1654 1944 1404 1920 1284 1112 1991 1411 1708 1755 1663 1539 1599 1953 1178 1008 1997 1957 1742 1806 1957 1202 1172 1924 1556 1641 1161 1338 1546 1557 1571 1557 1518 1968 1390 1285 1692 1293 1101 1745 BCNSPRNW ULIB Ver.6.0+V

เปลี่ยนเป็นภาษาไทย

Change to English
 แสดงรายละเอียดบรรณานุกรม
  กลับหน้าหลัก

Brief Record : Get Marc (ISO 2709) : E-mail record : QR code < ปิดหน้าต่าง
LEADER : 00000nam 2200000uu 4500
001    13399127232
003     ULIB
008    200302s2554||||th 000 0 tha d
020    ^a9789749608494(ล.2)
060 04 ^aQY25^bป411ค ล.2
100 0  ^aประสาร เปรมะสกุล,^cพลเอก
245 10 ^aคู่มือแปลผลตรวจเลือด.^nเล่มสอง /^cพลเอก ประสาร เปรมะสกุล
250    ^aพิมพ์ครั้งที่ 5
260    ^aกรุงเทพฯ :^bอรุณการพิมพ์,^c2554
300    ^a396 หน้า :^bภาพประกอบ ;^c23 ซม.
650  7 ^aเลือด, การตรวจ
945    ^p350^l0^i27898
945    ^p350^l0^i27899
945    ^p350^l0^i27900
945    ^p350^l0^i27901
945    ^p350^l0^i27902
995    ^aกัณชพร
999    ^aใช้งานได้ทุกระบบ
รายการนี้ยังไม่มีแท็ก
คุณยังไม่ได้ล็อกอิน คุณสามารถมีกิจกรรมร่วมกับเว็บไซต์ได้ แต่ต้องล็อกอินก่อน ::
  ล็อกอิน

รายการสื่อสารสนเทศ

ลำดับที่ ประเภท เลขเรียก/บาร์โค้ด สถานที่ สถานะ
1. หนังสือสำรอง
หนังสือสำรอง
สถานะ=หนังสือเก่า
QY25 ป411ค ล.2 ฉ.1 
  Barcode: 27898
ห้องสมุดวิทยาเขตนครสวรรค์
►ส่วนจัดเก็บหนังสือเก่า นว.
บนชั้น
  ขอยืม
2. วิทยาศาสตร์การแพทย์ และสุขภาพ
วิทยาศาสตร์การแพทย์ และสุขภาพ
สถานะ=หนังสือเก่า
QY25 ป411ค ล.2 ฉ.2 
  Barcode: 27899
ห้องสมุดวิทยาเขตนครสวรรค์
►ส่วนจัดเก็บหนังสือเก่า นว.
บนชั้น
  ขอยืม
3. วิทยาศาสตร์การแพทย์ และสุขภาพ
วิทยาศาสตร์การแพทย์ และสุขภาพ
สถานะ=หนังสือเก่า
QY25 ป411ค ล.2 ฉ.3 
  Barcode: 27900
ห้องสมุดวิทยาเขตนครสวรรค์
►ส่วนจัดเก็บหนังสือเก่า นว.
บนชั้น
  ขอยืม
4. วิทยาศาสตร์การแพทย์ และสุขภาพ
วิทยาศาสตร์การแพทย์ และสุขภาพ
สถานะ=หนังสือเก่า
QY25 ป411ค ล.2 ฉ.4 
  Barcode: 27901
ห้องสมุดวิทยาเขตนครสวรรค์
►ส่วนจัดเก็บหนังสือเก่า นว.
บนชั้น
  ขอยืม
5. วิทยาศาสตร์การแพทย์ และสุขภาพ
วิทยาศาสตร์การแพทย์ และสุขภาพ
สถานะ=หนังสือเก่า
QY25 ป411ค ล.2 ฉ.5 
  Barcode: 27902
ห้องสมุดวิทยาเขตนครสวรรค์
►ส่วนจัดเก็บหนังสือเก่า นว.
บนชั้น
  ขอยืม

รายการใกล้เคียง
    หัวเรื่อง [เลือด, การตรวจ]

BibComment


ยังไม่เคยถูกคอมเมนท์

คอมเมนท์ทรัพยากรรายการนี้
  คอมเมนท์: คู่มือแปลผลตรวจเ..


 Copyright 2026. Bcnsprnw @Library